000 00902nam a2200289 c 4500
003 BLK
005 20191120133557.0
008 180413b bul|||||r ||||||| ||bul||
010 _aKNG00016844000
020 _a954-8079-45-3
_bиздат.: Прозорец
040 _aBLK
041 _aBUL
_cBUL
080 _aБългарска литература
_b821.163.2
_x-3
_z821.163.2-3
100 1 _aАрнаудов, Иван
_eпърви автор
_9244550
139 _aАрнаудов, Иван
_bА 87
245 1 0 _aЕсенен човек
_b[Импресии]
_cИван Арнаудов.
257 _aBGR
260 София
_bПрозорец
_c1997
300 _a80 с.
_c21 см
380 _aX
500 _a1 000 тир
852 _aЦб 192293
856 4 _qpdf
_u
856 4 _qpdf
_u
942 _cKNG
_n0
_01
944 _aCR
_c15.01.2003
_kГеновева_Генчева
944 _aED
_c19.08.2004
_k
999 _c15095
_d15095